| 000 | 01079nam a2200325Ia 4500 | ||
|---|---|---|---|
| 003 | GCL | ||
| 008 | 140319s9999 xx 000 0 ara d | ||
| 020 | _a8116605977 | ||
| 040 |
_aGCL / _cGCL |
||
| 082 | 0 | 4 |
_a658.5 _bا ا |
| 100 | 1 | _aاحمد سيد مصطفى | |
| 245 | 1 | 0 |
_aادارة الانتاج والعمليات فى الصناعة والخدمات / _cاحمد سيد مصطفى |
| 260 |
_aالقاهرة : _bمكتبة الانجلوالمصرية ، _c1993 |
||
| 300 |
_a518 ص ؛ _c24 سم |
||
| 490 | _a | ||
| 650 | 0 | 4 | _aادارة الاعمال |
| 650 | 0 | 4 | _aالادارة |
| 650 | 0 | 4 | _aالتسويق |
| 650 | 0 | 4 | _aجودة الانتاج |
| 650 | 0 | 4 | _aادارة الانتاج |
| 650 | 0 | 4 | _aادارة الافراد |
| 650 | 0 | 4 | _aضبط الانتاج |
| 650 | 0 | 4 | _aبحوث العمليات |
| 650 | 0 | 4 | _aادارة التسويق |
| 650 | 0 | 4 | _aالادارة الصناعية |
| 650 | 0 | 4 | _aتخطيط الانتاج |
| 650 | 0 | 4 | _aمراقبة الانتاج |
| 650 | 0 | 4 | _aدراسة الوقت والحركة |
| 942 |
_2ddc _cBK |
||
| 999 |
_c36969 _d36969 |
||